[Event "IMSA Blitz Men 2019"]
[Site "Hengshui"]
[Date "2019.05.18"]
[Round "10.1"]
[White "Jones, Gawain C B"]
[Black "Le, Quang Liem"]
[Result "0-1"]
[WhiteElo "2702"]
[BlackElo "2704"]
[Annotator "ChessBase"]
[PlyCount "236"]
[EventDate "2019.05.17"]
[EventType "blitz"]
[EventCountry "CHN"]
[SourceTitle "playchess.com"]
[Source "ChessBase"]
[SourceQuality "1"]
[TimeControl "180+2"]

1. e4 {[%emt 0:00:00]} c5 {[%emt 0:00:00]} 2. Nf3 {[%emt 0:00:00]} Nc6 {[%emt 0:00:00]} 3. Bb5 {[%emt 0:00:01]} g6 {[%emt 0:00:01]} 4. O-O {[%emt 0:00:01]} Bg7 {[%emt 0:00:00]} 5. Re1 {[%emt 0:00:01]} e5 {[%emt 0:00:01]} 6. Bxc6 {[%emt 0:00:01]} dxc6 {[%emt 0:00:01]} 7. a4 {[%emt 0:00:01]} a5 {[%emt 0:00:05]} 8. Na3 {[%emt 0:00:02]} Qc7 {[%emt 0:00:04]} 9. Nc4 {[%emt 0:00:06]} Be6 {[%emt 0:00:04]} 10. d3 {[%emt 0:00:01]} h6 {[%emt 0:00:15]} 11. b3 {[%emt 0:00:02]} Ne7 {[%emt 0:00:17]} 12. Bb2 {[%emt 0:00:01]} Bxc4 {[%emt 0:00:15]} 13. bxc4 {[%emt 0:00:04]} O-O {[%emt 0:00:03]} 14. Ra3 {[%emt 0:00:07]} Rae8 {[%emt 0:00:04]} 15. Rb3 {[%emt 0:00:03]} Nc8 {[%emt 0:00:02]} 16. Qd2 {[%emt 0:00:14]} b6 {[%emt 0:00:05]} 17. Bc3 {[%emt 0:00:07]} Kh7 {[%emt 0:00:02]} 18. h3 {[%emt 0:00:14]} f5 {[%emt 0:00:12]} 19. exf5 {[%emt 0:00:17]} gxf5 {[%emt 0:00:02]} 20. Rbb1 {[%emt 0:00:01]} e4 {[%emt 0:00:27]} 21. Nh2 {[%emt 0:00:48]} Bxc3 {[%emt 0:00:15]} 22. Qxc3 {[%emt 0:00:01]} Qg7 {[%emt 0:00:02]} 23. Qxg7+ {[%emt 0:00:07]} Kxg7 {[%emt 0:00:01]} 24. Re3 {[%emt 0:00:01]} exd3 {[%emt 0:00:21]} 25. cxd3 {[%emt 0:00:04]} Kf6 {[%emt 0:00:06]} 26. Rf3 {[%emt 0:00:08]} Re2 {[%emt 0:00:09]} 27. Ng4+ {[%emt 0:00:04]} Ke6 {[%emt 0:00:01]} 28. Re3+ {[%emt 0:00:04]} Rxe3 {[%emt 0:00:01]} 29. Nxe3 {[%emt 0:00:01]} Rd8 {[%emt 0:00:03]} 30. Rb3 {[%emt 0:00:03]} f4 {[%emt 0:00:05]} 31. Ng4 {[%emt 0:00:03]} h5 {[%emt 0:00:15]} 32. Nh2 {[%emt 0:00:01]} Kd6 {[%emt 0:00:01]} 33. Kf1 {[%emt 0:00:03]} Kc7 {[%emt 0:00:02]} 34. Nf3 {[%emt 0:00:01]} Nd6 {[%emt 0:00:04]} 35. Ng5 {[%emt 0:00:07]} Re8 {[%emt 0:00:02]} 36. Rb2 {[%emt 0:00:05]} b5 {[%emt 0:00:02]} 37. cxb5 {[%emt 0:00:03]} cxb5 {[%emt 0:00:01]} 38. axb5 {[%emt 0:00:01]} Kb6 {[%emt 0:00:07]} 39. Nh7 {[%emt 0:00:09]} a4 {[%emt 0:00:03]} 40. Nf6 {[%emt 0:00:01]} a3 {[%emt 0:00:02]} 41. Ra2 {[%emt 0:00:05]} Ra8 {[%emt 0:00:02]} 42. Nd5+ {[%emt 0:00:01]} Kb7 {[%emt 0:00:02]} 43. Nxf4 {[%emt 0:00:09]} Nxb5 {[%emt 0:00:02]} 44. Ne2 {[%emt 0:00:01]} Rd8 {[%emt 0:00:05]} 45. Nc1 {[%emt 0:00:03]} c4 {[%emt 0:00:04]} 46. Ke1 {[%emt 0:00:03]} Re8+ {[%emt 0:00:06]} 47. Kd2 {[%emt 0:00:07]} c3+ {[%emt 0:00:01]} 48. Kd1 {[%emt 0:00:01]} Kb6 {[%emt 0:00:04]} 49. Nb3 {[%emt 0:00:11]} h4 {[%emt 0:00:01]} 50. g3 {[%emt 0:00:11]} hxg3 {[%emt 0:00:03]} 51. fxg3 {[%emt 0:00:01]} Re3 {[%emt 0:00:01]} 52. Rg2 {[%emt 0:00:11]} Rxd3+ {[%emt 0:00:07]} 53. Kc2 {[%emt 0:00:01]} Rf3 {[%emt 0:00:01]} 54. Kb1 {[%emt 0:00:04]} Kc6 {[%emt 0:00:07]} 55. Ka2 {[%emt 0:00:04]} Kd5 {[%emt 0:00:01]} 56. h4 {[%emt 0:00:03]} Kc4 {[%emt 0:00:06]} 57. h5 {[%emt 0:00:01]} Kb4 {[%emt 0:00:02]} 58. Na1 {[%emt 0:00:00]} Nd4 {[%emt 0:00:04]} 59. h6 {[%emt 0:00:04]} Rf1 {[%emt 0:00:08]} 60. h7 {[%emt 0:00:07]} Rh1 {[%emt 0:00:01]} 61. g4 {[%emt 0:00:03]} Rxh7 {[%emt 0:00:02]} 62. g5 {[%emt 0:00:01]} Kc4 {[%emt 0:00:03]} 63. g6 {[%emt 0:00:04]} Rg7 {[%emt 0:00:01]} 64. Rg4 {[%emt 0:00:01]} Kd3 {[%emt 0:00:01]} 65. Kxa3 {[%emt 0:00:03]} Ra7+ {[%emt 0:00:04]} 66. Kb4 {[%emt 0:00:01]} Rxa1 {[%emt 0:00:02]} 67. g7 {[%emt 0:00:01]} Rb1+ {[%emt 0:00:01]} 68. Kc5 {[%emt 0:00:06]} Ne6+ {[%emt 0:00:02]} 69. Kd5 {[%emt 0:00:01]} Nxg7 {[%emt 0:00:01]} 70. Rg3+ {[%emt 0:00:00]} Kd2 {[%emt 0:00:03]} 71. Rg2+ {[%emt 0:00:01]} Kc1 {[%emt 0:00:01]} 72. Kc4 {[%emt 0:00:01]} Rb7 {[%emt 0:00:07]} 73. Kxc3 {[%emt 0:00:01]} Rc7+ {[%emt 0:00:01]} 74. Kd3 {[%emt 0:00:02]} Ne6 {[%emt 0:00:01]} 75. Ke4 {[%emt 0:00:04]} Nc5+ {[%emt 0:00:02]} 76. Kd5 {[%emt 0:00:01]} Nb3 {[%emt 0:00:01]} 77. Rh2 {[%emt 0:00:02]} Nd2 {[%emt 0:00:01]} 78. Kd6 {[%emt 0:00:02]} Ra7 {[%emt 0:00:02]} 79. Kd5 {[%emt 0:00:03]} Kc2 {[%emt 0:00:01]} 80. Kd4 {[%emt 0:00:01]} Ra4+ {[%emt 0:00:02]} 81. Kd5 {[%emt 0:00:01]} Rg4 {[%emt 0:00:02]} 82. Ke5 {[%emt 0:00:02]} Kd3 {[%emt 0:00:02]} 83. Rh3+ {[%emt 0:00:01]} Kc4 {[%emt 0:00:02]} 84. Kf5 {[%emt 0:00:00]} Rd4 {[%emt 0:00:01]} 85. Ke5 {[%emt 0:00:03]} Rd5+ {[%emt 0:00:01]} 86. Ke6 {[%emt 0:00:03]} Ne4 {[%emt 0:00:02]} 87. Rh4 {[%emt 0:00:01]} Kd4 {[%emt 0:00:00]} 88. Rh1 {[%emt 0:00:03]} Rd6+ {[%emt 0:00:02]} 89. Ke7 {[%emt 0:00:01]} Ra6 {[%emt 0:00:01]} 90. Rd1+ {[%emt 0:00:06]} Ke5 {[%emt 0:00:01]} 91. Kd7 {[%emt 0:00:02]} Nc3 {[%emt 0:00:03]} 92. Re1+ {[%emt 0:00:02]} Kd5 {[%emt 0:00:01]} 93. Ke7 {[%emt 0:00:02]} Ra7+ {[%emt 0:00:03]} 94. Kf6 {[%emt 0:00:02]} Ne4+ {[%emt 0:00:01]} 95. Kg6 {[%emt 0:00:04]} Ke5 {[%emt 0:00:01]} 96. Rb1 {[%emt 0:00:07]} Ra2 {[%emt 0:00:03]} 97. Re1 {[%emt 0:00:01]} Rg2+ {[%emt 0:00:01]} 98. Kf7 {[%emt 0:00:01]} Rg4 {[%emt 0:00:02]} 99. Re2 {[%emt 0:00:04]} Rh4 {[%emt 0:00:03]} 100. Re1 {[%emt 0:00:01]} Rf4+ {[%emt 0:00:03]} 101. Ke7 {[%emt 0:00:01]} Rg4 {[%emt 0:00:03]} 102. Kd7 {[%emt 0:00:01]} Rg6 {[%emt 0:00:03]} 103. Kc7 {[%emt 0:00:02]} Rh6 {[%emt 0:00:06]} 104. Rd1 {[%emt 0:00:02]} Nc3 {[%emt 0:00:01]} 105. Re1+ {[%emt 0:00:02]} Kd5 {[%emt 0:00:02]} 106. Rc1 {[%emt 0:00:04]} Rc6+ {[%emt 0:00:07]} 107. Kd7 {[%emt 0:00:02]} Rc4 {[%emt 0:00:01]} 108. Rh1 {[%emt 0:00:02]} Ne4 {[%emt 0:00:03]} 109. Rh5+ {[%emt 0:00:01]} Kd4 {[%emt 0:00:00]} 110. Rh4 {[%emt 0:00:02]} Ke5 {[%emt 0:00:02]} 111. Rh5+ {[%emt 0:00:01]} Kf6 {[%emt 0:00:01]} 112. Ra5 {[%emt 0:00:03]} Nc5+ {[%emt 0:00:01]} 113. Ke8 {[%emt 0:00:07]} Re4+ {[%emt 0:00:00]} 114. Kf8 {[%emt 0:00:00]} Nd7+ {[%emt 0:00:00]} 115. Kg8 {[%emt 0:00:01]} Kg6 {[%emt 0:00:00]} 116. Ra8 {[%emt 0:00:02]} Re7 {[%emt 0:00:00]} 117. Kh8 {[%emt 0:00:03]} Rh7+ {[%emt 0:00:00]} 118. Kg8 {[%emt 0:00:01]} Nf6+ {[%emt 0:00:00]} 0-1

[Event "IMSA Blitz Men 2019"]
[Site "Hengshui"]
[Date "2019.05.18"]
[Round "10.1"]
[White "Fedoseev, Vladimir"]
[Black "Bu, Xiangzhi"]
[Result "0-1"]
[WhiteElo "2683"]
[BlackElo "2729"]
[Annotator "TA"]
[PlyCount "48"]
[EventDate "2019.05.17"]
[EventType "blitz"]
[EventCountry "CHN"]
[SourceTitle "playchess.com"]
[Source "ChessBase"]
[SourceQuality "1"]

{[%evp 18,84,25,-6,0,0,0,-46,27,0,22,-14,-26,-35,-14,-31,-43,-32,-5,-70,-93,-182,-180,-191,-188,-170,-132,-284,-202,-187,-199,-212,-198,-306,-309,-344,-356,-443,-443,-394,-134,-141,-146,-707,-625,-5389,-5357,-2560,-2431,-5477,-5481,-5502,-5481,-2873,-2160,-29991,-951,-29991,-5347,-1564,-1485,-29991,-29988,-29988,-29989,-29987,-1077,-29983,-29984]} 1. d4 d5 2. c4 c6 3. Nf3 Nf6 4. Qb3 dxc4 5. Qxc4 Bf5 6. g3 e6 7. Bg2 Nbd7 8. O-O Be7 9. Nc3 O-O 10. Bf4 Rc8 {D23: Queen's Gambit Accepted: 3 Nf3 Nf6 sidelines} (10... Nd5 11. a3 N7b6 12. Qb3 Nxc3 13. bxc3 Be4 14. Rac1 Bd5 15. Qb2 g5 16. Be3 Nc4 17. Qxb7 Rb8 18. Qa6 {1-0 (35) Hansen,C (2626)-Rustemov,A (2607) Esbjerg 2001}) 11. a4 a5 $146 ({Predecessor:} 11... c5 12. a5 cxd4 13. Qxd4 Bc5 14. Qa4 Nd5 15. Nxd5 exd5 16. b4 Be7 17. Nd4 Bg4 18. Rac1 {1-0 (30) Srebrnic,A (2221)-Milliet,S (2319) Kishinev 2005}) 12. Rfe1 Ne4 (12... Nd5 $15) 13. Rac1 Qb6 14. Qa2 Rfd8 15. Be3 Qa6 16. Nd2 Nxd2 17. Bxd2 Bg6 18. e4 {[#]} (18. Ne4 $11) 18... Ne5 $1 $15 {[%mdl 512]} 19. Be3 (19. Nd5 $17 exd5 20. dxe5 dxe4 21. Bf1) (19. dxe5 Rxd2) 19... Nd3 $1 $19 {[%csl LRc1,LRe1][%mdl 64] Double Attack} 20. Bf1 {Hoping for Qb1.} Nxc1 21. Rxc1 Qa8 22. f4 $2 (22. Qb3 $17 {was necessary.}) 22... Bf6 23. e5 Be7 24. g4 b5 {Played: Qa8-a7} 0-1

[Event "IMSA Blitz Men 2019"]
[Site "Hengshui"]
[Date "2019.05.18"]
[Round "10.1"]
[White "Gelfand, Boris"]
[Black "Vidit, Santosh Gujrathi"]
[Result "0-1"]
[WhiteElo "2676"]
[BlackElo "2707"]
[Annotator "TA"]
[PlyCount "46"]
[EventDate "2019.05.17"]
[EventType "blitz"]
[EventCountry "CHN"]
[SourceTitle "playchess.com"]
[Source "ChessBase"]
[SourceQuality "1"]

{[%evp 15,125,31,37,25,28,11,22,19,30,20,30,20,42,35,56,44,103,105,145,137,166,137,174,177,189,161,210,144,150,150,176,158,334,337,296,314,324,345,389,402,388,315,351,327,903,894,759,456,481,60,59,59,54,61,112,0,0,-4,97,97,97,97,154,154,154,154,150,121,120,37,37,37,37,59,90,8,8,0,0,0,0,0,0,0,0,0,0,0,0,0,0,0,0,0,0,0,0,0,0,0,1,0,0,0,0,0,0,0,2,0,0,0]} 1. Nf3 d5 2. d4 Nf6 3. c4 c6 4. e3 Bf5 5. Nc3 e6 6. Nh4 Be4 7. f3 Bg6 8. Qb3 Qc7 9. Bd2 {D12: Slav Defence: 3 Nf3 Nf6 4 e3 Bf5} Be7 10. g3 (10. O-O-O dxc4 11. Bxc4 a6 12. Be2 Nbd7 13. Nxg6 hxg6 14. Kb1 c5 15. d5 exd5 16. Nxd5 Nxd5 17. Qxd5 {0-1 (31) Karjakin,S (2773)-Caruana,F (2822) Saint Louis 2018}) 10... O-O 11. Nxg6 hxg6 12. g4 $146 ({Predecessor:} 12. Rc1 Qd7 13. Be2 dxc4 14. Qxc4 Rd8 15. Nb1 Na6 16. b4 Nc7 {0-1 (87) Kuzubov,Y (2655)-Swiercz,D (2656) Saint Louis 2018}) 12... dxc4 13. Bxc4 b5 14. Be2 a6 15. g5 Nd5 (15... Nh5 $14) 16. f4 $16 c5 17. Nxd5 exd5 18. Qxd5 Nd7 19. Rc1 $1 Rad8 20. Qf3 Qb6 21. d5 c4 22. h4 Rfe8 23. h5 Nc5 {Played: Be7-b4} 0-1

[Event "IMSA Blitz Men 2019"]
[Site "Hengshui"]
[Date "2019.05.18"]
[Round "10.1"]
[White "Ponomariov, Ruslan"]
[Black "Rapport, Richard"]
[Result "1-0"]
[WhiteElo "2675"]
[BlackElo "2736"]
[Annotator "ChessBase"]
[PlyCount "117"]
[EventDate "2019.05.17"]
[EventType "blitz"]
[EventCountry "CHN"]
[SourceTitle "playchess.com"]
[Source "ChessBase"]
[SourceQuality "1"]
[TimeControl "180+2"]

1. e4 {[%emt 0:00:00]} d6 {[%emt 0:00:00]} 2. d4 {[%emt 0:00:00]} Nf6 {[%emt 0:00:00]} 3. Nc3 {[%emt 0:00:01]} e5 {[%emt 0:00:00]} 4. Nf3 {[%emt 0:00:01]} Nbd7 {[%emt 0:00:00]} 5. Bc4 {[%emt 0:00:01]} Be7 6. a4 O-O {[%emt 0:00:02]} 7. O-O {[%emt 0:00:01]} c6 {[%emt 0:00:00]} 8. h3 {[%emt 0:00:06]} h6 {[%emt 0:00:01]} 9. Re1 {[%emt 0:00:00]} Re8 {[%emt 0:00:01]} 10. Be3 {[%emt 0:00:12]} exd4 {[%emt 0:00:01]} 11. Qxd4 {[%emt 0:00:08]} Qa5 {[%emt 0:00:01]} 12. Bf4 {[%emt 0:00:08]} Ne5 {[%emt 0:00:15]} 13. Be2 {[%emt 0:00:22]} Bf8 {[%emt 0:00:05]} 14. Rad1 {[%emt 0:00:05]} Bd7 {[%emt 0:00:13]} 15. Bg3 {[%emt 0:00:15]} Rad8 {[%emt 0:00:12]} 16. b4 {[%emt 0:00:02]} Qb6 {[%emt 0:00:10]} 17. Qxb6 {[%emt 0:00:03]} axb6 {[%emt 0:00:01]} 18. b5 {[%emt 0:00:22]} Ra8 {[%emt 0:00:04]} 19. Nd4 {[%emt 0:00:03]} Ng6 {[%emt 0:00:13]} 20. Bc4 {[%emt 0:00:21]} Rac8 {[%emt 0:00:30]} 21. Bb3 {[%emt 0:00:01]} Nh5 {[%emt 0:00:35]} 22. Bh2 {[%emt 0:00:02]} Nf6 {[%emt 0:00:01]} 23. Re3 {[%emt 0:00:04]} Red8 {[%emt 0:00:18]} 24. g4 {[%emt 0:00:03]} Re8 {[%emt 0:00:10]} 25. bxc6 {[%emt 0:00:03]} bxc6 {[%emt 0:00:02]} 26. Kg2 {[%emt 0:00:02]} Nh4+ {[%emt 0:00:01]} 27. Kg1 {[%emt 0:00:02]} Ng6 {[%emt 0:00:01]} 28. Bg3 {[%emt 0:00:02]} Ra8 {[%emt 0:00:06]} 29. Kg2 {[%emt 0:00:01]} Ra5 {[%emt 0:00:01]} 30. f3 {[%emt 0:00:09]} Rc5 {[%emt 0:00:03]} 31. Rdd3 {[%emt 0:00:02]} h5 {[%emt 0:00:04]} 32. Nf5 {[%emt 0:00:06]} hxg4 {[%emt 0:00:02]} 33. hxg4 {[%emt 0:00:01]} Ne5 {[%emt 0:00:07]} 34. Rd4 {[%emt 0:00:03]} Be6 {[%emt 0:00:03]} 35. Nxd6 {[%emt 0:00:12]} Rd8 {[%emt 0:00:01]} 36. Nf5 {[%emt 0:00:01]} Rxd4 37. Nxd4 {[%emt 0:00:02]} Bd7 {[%emt 0:00:12]} 38. Nce2 {[%emt 0:00:10]} g5 {[%emt 0:00:02]} 39. Rc3 {[%emt 0:00:02]} Ng6 {[%emt 0:00:04]} 40. Nf5 {[%emt 0:00:05]} Rxc3 {[%emt 0:00:07]} 41. Nxc3 {[%emt 0:00:01]} Nf4+ {[%emt 0:00:00]} 42. Kf1 {[%emt 0:00:01]} Bc5 {[%emt 0:00:06]} 43. Nh6+ {[%emt 0:00:05]} Kg7 {[%emt 0:00:02]} 44. Nxf7 {[%emt 0:00:02]} Bc8 {[%emt 0:00:09]} 45. Nxg5 {[%emt 0:00:07]} Ba6+ {[%emt 0:00:01]} 46. Ke1 {[%emt 0:00:03]} Ng2+ {[%emt 0:00:03]} 47. Kd1 {[%emt 0:00:00]} Bb4 {[%emt 0:00:04]} 48. Be5 {[%emt 0:00:06]} Kg6 {[%emt 0:00:04]} 49. Ne6 {[%emt 0:00:02]} Ne3+ {[%emt 0:00:01]} 50. Kd2 {[%emt 0:00:02]} Nf1+ {[%emt 0:00:02]} 51. Ke1 {[%emt 0:00:02]} Ne3 {[%emt 0:00:02]} 52. Nc7 {[%emt 0:00:04]} Bf1 {[%emt 0:00:10]} 53. Kf2 {[%emt 0:00:04]} Nexg4+ {[%emt 0:00:02]} 54. fxg4 {[%emt 0:00:02]} Nxg4+ {[%emt 0:00:01]} 55. Kxf1 {[%emt 0:00:01]} Nxe5 {[%emt 0:00:00]} 56. Nd1 {[%emt 0:00:05]} Kg5 {[%emt 0:00:05]} 57. Ke2 {[%emt 0:00:01]} Kf4 {[%emt 0:00:01]} 58. Nf2 {[%emt 0:00:01]} Nd7 {[%emt 0:00:03]} 59. Nd3+ {[%emt 0:00:02]} 1-0

[Event "IMSA Blitz Men 2019"]
[Site "Hengshui"]
[Date "2019.05.18"]
[Round "10.1"]
[White "Leko, Peter"]
[Black "Andreikin, Dmitry"]
[Result "1/2-1/2"]
[WhiteElo "2674"]
[BlackElo "2722"]
[Annotator "ChessBase"]
[PlyCount "48"]
[EventDate "2019.05.17"]
[EventType "blitz"]
[EventCountry "CHN"]
[SourceTitle "playchess.com"]
[Source "ChessBase"]
[SourceQuality "1"]
[TimeControl "180+2"]

1. e4 {[%emt 0:00:00]} e5 {[%emt 0:00:00]} 2. Nf3 {[%emt 0:00:00]} Nc6 {[%emt 0:00:00]} 3. Bb5 {[%emt 0:00:01]} Nf6 {[%emt 0:00:00]} 4. O-O {[%emt 0:00:03]} Nxe4 {[%emt 0:00:01]} 5. Re1 {[%emt 0:00:01]} Nd6 {[%emt 0:00:01]} 6. Nxe5 {[%emt 0:00:02]} Be7 {[%emt 0:00:01]} 7. Bf1 {[%emt 0:00:01]} Nf5 {[%emt 0:00:01]} 8. Nf3 {[%emt 0:00:04]} O-O {[%emt 0:00:02]} 9. d4 {[%emt 0:00:01]} d5 {[%emt 0:00:01]} 10. c3 {[%emt 0:00:04]} Re8 {[%emt 0:00:02]} 11. Bd3 {[%emt 0:00:02]} Bd6 {[%emt 0:00:02]} 12. Rxe8+ {[%emt 0:00:04]} Qxe8 {[%emt 0:00:01]} 13. Nbd2 {[%emt 0:00:04]} Nce7 {[%emt 0:00:09]} 14. Nf1 {[%emt 0:00:05]} c6 {[%emt 0:00:01]} 15. Qc2 {[%emt 0:00:05]} f6 {[%emt 0:00:15]} 16. Bd2 {[%emt 0:00:02]} Qh5 {[%emt 0:00:11]} 17. Re1 {[%emt 0:00:08]} Bd7 {[%emt 0:00:01]} 18. Ng3 {[%emt 0:00:21]} Nxg3 {[%emt 0:00:03]} 19. hxg3 {[%emt 0:00:01]} Re8 {[%emt 0:00:30]} 20. Nh4 {[%emt 0:00:20]} Kh8 {[%emt 0:00:28]} 21. Be2 {[%emt 0:00:12]} Qf7 {[%emt 0:00:03]} 22. Bd3 {[%emt 0:00:01]} Qh5 {[%emt 0:00:02]} 23. Be2 {[%emt 0:00:04]} Qf7 {[%emt 0:00:02]} 24. Bd3 {[%emt 0:00:01]} Qh5 {[%emt 0:00:00]} 1/2-1/2

[Event "IMSA Blitz Men 2019"]
[Site "Hengshui"]
[Date "2019.05.18"]
[Round "10.1"]
[White "Mamedov, Rauf"]
[Black "Korobov, Anton"]
[Result "0-1"]
[WhiteElo "2650"]
[BlackElo "2687"]
[Annotator "ChessBase"]
[PlyCount "102"]
[EventDate "2019.05.17"]
[EventType "blitz"]
[EventCountry "CHN"]
[SourceTitle "playchess.com"]
[Source "ChessBase"]
[SourceQuality "1"]
[TimeControl "180+2"]

1. e4 {[%emt 0:00:00]} c5 {[%emt 0:00:00]} 2. Nf3 {[%emt 0:00:01]} d6 {[%emt 0:00:00]} 3. d4 {[%emt 0:00:01]} cxd4 {[%emt 0:00:01]} 4. Nxd4 {[%emt 0:00:01]} Nf6 {[%emt 0:00:02]} 5. Nc3 {[%emt 0:00:01]} a6 {[%emt 0:00:00]} 6. Bg5 {[%emt 0:00:01]} e6 {[%emt 0:00:02]} 7. f4 {[%emt 0:00:03]} Qc7 {[%emt 0:00:01]} 8. Bd3 {[%emt 0:00:06]} Nc6 {[%emt 0:00:05]} 9. Nb3 {[%emt 0:00:06]} Be7 {[%emt 0:00:05]} 10. Qf3 {[%emt 0:00:03]} h6 {[%emt 0:00:15]} 11. Bxf6 {[%emt 0:00:06]} Bxf6 {[%emt 0:00:01]} 12. O-O {[%emt 0:00:02]} O-O {[%emt 0:00:16]} 13. Kh1 {[%emt 0:00:01]} g6 {[%emt 0:00:09]} 14. Rae1 {[%emt 0:00:02]} Bg7 {[%emt 0:00:01]} 15. Qg3 {[%emt 0:00:05]} Qe7 {[%emt 0:00:11]} 16. e5 {[%emt 0:00:34]} dxe5 {[%emt 0:00:06]} 17. fxe5 {[%emt 0:00:01]} Qg5 {[%emt 0:00:07]} 18. Qh3 {[%emt 0:01:36]} Nxe5 {[%emt 0:00:09]} 19. Ne4 {[%emt 0:00:01]} Qe7 {[%emt 0:00:05]} 20. Be2 {[%emt 0:00:08]} Bd7 {[%emt 0:00:07]} 21. Nd4 {[%emt 0:00:02]} Nc6 {[%emt 0:00:13]} 22. Nxc6 {[%emt 0:00:05]} Bxc6 {[%emt 0:00:01]} 23. Bd3 {[%emt 0:00:00]} Rad8 {[%emt 0:00:13]} 24. Nd2 {[%emt 0:00:02]} Rd5 {[%emt 0:00:13]} 25. Qe3 {[%emt 0:00:09]} Rfd8 {[%emt 0:00:17]} 26. Nf3 {[%emt 0:00:01]} Qc5 {[%emt 0:00:13]} 27. Qe2 {[%emt 0:00:04]} Bxb2 {[%emt 0:00:20]} 28. Bxg6 {[%emt 0:00:02]} fxg6 {[%emt 0:00:32]} 29. c4 {[%emt 0:00:03]} R5d6 {[%emt 0:00:04]} 30. Qxb2 {[%emt 0:00:03]} Bxf3 {[%emt 0:00:03]} 31. Rxf3 {[%emt 0:00:02]} Rd1 {[%emt 0:00:02]} 32. Rff1 {[%emt 0:00:09]} Rxe1 {[%emt 0:00:02]} 33. Rxe1 {[%emt 0:00:01]} Qe3 {[%emt 0:00:01]} 34. Rg1 {[%emt 0:00:10]} Qe4 {[%emt 0:00:03]} 35. h3 {[%emt 0:00:04]} Rd3 {[%emt 0:00:02]} 36. Kh2 {[%emt 0:00:07]} Qf4+ {[%emt 0:00:01]} 37. Kh1 {[%emt 0:00:01]} Qe4 {[%emt 0:00:01]} 38. Kh2 {[%emt 0:00:01]} e5 {[%emt 0:00:01]} 39. Qf2 {[%emt 0:00:06]} Qf4+ {[%emt 0:00:01]} 40. Qxf4 {[%emt 0:00:01]} exf4 {[%emt 0:00:00]} 41. Rf1 {[%emt 0:00:02]} g5 {[%emt 0:00:01]} 42. h4 {[%emt 0:00:05]} Kg7 {[%emt 0:00:01]} 43. hxg5 {[%emt 0:00:01]} hxg5 {[%emt 0:00:01]} 44. Rb1 {[%emt 0:00:02]} Rd7 {[%emt 0:00:01]} 45. c5 {[%emt 0:00:02]} Kg6 {[%emt 0:00:03]} 46. Rb6+ {[%emt 0:00:02]} Kf5 {[%emt 0:00:01]} 47. c6 {[%emt 0:00:03]} bxc6 {[%emt 0:00:01]} 48. Rxc6 {[%emt 0:00:00]} Rd2 {[%emt 0:00:01]} 49. Rxa6 {[%emt 0:00:05]} f3 {[%emt 0:00:02]} 50. Kg3 {[%emt 0:00:01]} f2 {[%emt 0:00:01]} 51. Ra8 {[%emt 0:00:03]} f1=N+ {[%emt 0:00:03]} 0-1

[Event "IMSA Blitz Men 2019"]
[Site "Hengshui"]
[Date "2019.05.18"]
[Round "10.2"]
[White "Yu, Yangyi"]
[Black "Dominguez Perez, Leinier"]
[Result "1-0"]
[WhiteElo "2739"]
[BlackElo "2750"]
[Annotator "TA"]
[PlyCount "103"]
[EventDate "2019.05.17"]
[EventType "blitz"]
[EventCountry "CHN"]
[SourceTitle "playchess.com"]
[Source "ChessBase"]
[SourceQuality "1"]

{[%evp 16,102,21,21,15,0,0,0,0,0,0,0,0,0,0,1,0,8,32,14,12,27,37,44,56,53,64,58,57,56,79,58,66,64,68,68,75,59,60,27,30,31,60,22,32,38,68,60,83,60,86,53,61,58,71,59,74,76,124,49,62,0,226,18,176,169,350,0,8,0,0,0,0,0,0,0,0,8,0,0,0,-122,455,476,29996,29997,29997,29998,29999]} 1. e4 e5 2. Nf3 Nc6 3. Bb5 Nf6 4. O-O Nxe4 5. Re1 Nd6 6. Nxe5 Be7 7. Bf1 Nxe5 8. Rxe5 O-O 9. d4 Ne8 {C67: Ruy Lopez: Berlin Defence: 4 0-0 Nxe4} 10. a4 $146 ({Predecessor:} 10. d5 Bc5 11. Re1 d6 12. Nc3 Bf5 13. Bd3 Qh4 14. g3 Qh3 15. Ne4 Bxe4 16. Rxe4 Bxf2+ 17. Kxf2 Qxh2+ {½-½ (27) Robson,R (2667)-So,W (2762) Saint Louis 2019}) 10... d5 11. Re1 Bd6 {The position is equal.} 12. c3 c6 13. Nd2 Nf6 14. Nf3 Bf5 15. Bg5 h6 16. Bh4 Bg4 17. a5 g5 18. Bg3 Bxg3 19. hxg3 Ne4 20. Bd3 Nd6 21. Qd2 Bxf3 22. gxf3 Qf6 23. Kg2 Rfe8 24. Rh1 Kg7 25. Rh5 Rh8 26. b3 Rae8 27. Bc2 Qe7 28. Rah1 Qf6 29. Qd3 Qg6 30. Qd1 Qf6 31. Bd3 Re7 32. Qc1 Ree8 33. Qa3 Re7 34. Qc5 a6 35. c4 dxc4 36. bxc4 Ree8 {[#]} 37. Qb6 (37. f4 $1 $16 {[%mdl 512]} gxf4 38. R1h4 fxg3 39. Rg4+ (39. fxg3 Re3 $14) 39... Kf8 40. Rf5) 37... Re7 38. Qc5 $2 (38. R1h3 $14) 38... Ree8 $18 {[#]} 39. d5 $2 (39. f4 $1 $18 gxf4 40. R1h4 fxg3 41. Rg4+ (41. fxg3 Re3 $14) 41... Kf8 42. Rf5) 39... Re5 $2 {[#]} (39... cxd5 $11 40. f4 (40. Qxd5 Re5 $11) (40. cxd5 Rc8 $11) 40... gxf4 41. Qxd5 Rd8) 40. Qd4 $1 cxd5 $2 (40... Re6 41. Qxf6+ Rxf6) 41. cxd5 $2 (41. f4 $18 Ree8 42. Qxf6+ (42. Qxd5 gxf4 43. c5 Nb5 $16) 42... Kxf6 43. fxg5+ (43. cxd5 gxf4 44. g4 Kg7 $11) (43. Rxh6+ Rxh6 44. Rxh6+ Ke7 $14) 43... Ke6 44. cxd5+ (44. gxh6 dxc4 45. Bb1 Kf6 $18) 44... Kxd5 45. gxh6+ Re5 46. h7) 41... Nf5 $132 {[%mdl 2048] Black has counterplay} 42. Bxf5 Rxf5 43. Qd3 Qe5 44. d6 Rf6 45. Rd1 Rd8 {[%cal Rf6d6]} 46. d7 Qxa5 47. f4 {Hoping for fxg5.} Qf5 48. Qe3 (48. Qd4 $11 {remains equal.} Kh7 49. f3) 48... Qg4 $2 {[%mdl 8192]} ({Much weaker is} 48... Rxd7 $6 49. Rxd7 Qxd7 50. fxg5 $11) (48... gxf4 $17 {and life is bright.} 49. Qe5 Qe6) 49. fxg5 $18 Qxd1 (49... Re6 $18 50. Qc3+ f6 51. gxh6+ Kh7) 50. gxf6+ {White mates.} Kxf6 51. Rxh6+ Kf5 52. Qf4# {Accuracy: White = 56%, Black = 51%.} 1-0